Selbes Präfix - Geographie - Statistiken

Allgemein
  • Dieses Quiz wurde 110 mal gespielt
  • Das Durchschnittsergebnis liegt bei 13 aus 18
Antwortstatistiken
Präfix Ort Ort % Korrekt
Port ____ugal ____land
98%
Phil ____ippinen ____adelphia
97%
Kam ___bodscha ___erun
96%
Man ___hattan ___itoba
96%
Ind ___onesien ___iana
95%
Ant ___alya ___arktis
93%
Miss ___issippi ___ouri
92%
Tsche ___chien ___rnobyl
90%
Bel ___grad ___gien
86%
Maur ____itius ____etanien
85%
New ___castle ___ark
84%
Tri ___nidad ___polis
81%
Mont ____errey ____real
77%
Wind ____sor ____hoek
71%
Kan ___aren ___ada
43%
Krak ____atau ____au
25%
Gali ___zien ___lee
11%
Rh __ein __one
4%
Keine übereinstimmenden Quizze gefunden
Verteilung der Resultate
Anzahl Personen mit jedem Resultat
Perzentil nach korrekt beantworteten Fragen
Ihre Resultats-Entwicklung
Sie haben dieses Quiz noch nicht gespielt